UBT Library

The Rowman & Littlefield guide to writing with sources / (Record no. 40618)

000 -LEADER
fixed length control field 01038cam a2200289 a 4500
001 - CONTROL NUMBER
control field 14567418
005 - DATE AND TIME OF LATEST TRANSACTION
control field 20180119090425.0
008 - FIXED-LENGTH DATA ELEMENTS--GENERAL INFORMATION
fixed length control field 060925s2007 mdua bf 000 0 eng
010 ## - LIBRARY OF CONGRESS CONTROL NUMBER
LC control number 2006031735
020 ## - INTERNATIONAL STANDARD BOOK NUMBER
International Standard Book Number 9780742554139 (pbk. : alk. paper)
020 ## - INTERNATIONAL STANDARD BOOK NUMBER
International Standard Book Number 0742554139 (pbk. : alk. paper)
035 ## - SYSTEM CONTROL NUMBER
System control number (OCoLC)ocm71790099
035 ## - SYSTEM CONTROL NUMBER
System control number (OCoLC)71790099
040 ## - CATALOGING SOURCE
Original cataloging agency DLC
Transcribing agency DLC
Modifying agency BAKER
-- BTCTA
-- YDXCP
-- C#P
-- IAK
-- UND
-- DLC
041 ## - LANGUAGE CODE
Language code of text/sound track or separate title eng
080 ## - UNIVERSAL DECIMAL CLASSIFICATION NUMBER
Universal Decimal Classification number 808..0042072 DAV
082 00 - DEWEY DECIMAL CLASSIFICATION NUMBER
Classification number 808..0042072 DAV
Edition number 22
100 1# - Rafti
Rafti 47
101 ## - Shkurtesa
Shkurtesa EDU
245 14 - TITLE STATEMENT
Title The Rowman & Littlefield guide to writing with sources /
Statement of responsibility, etc James P. Davis.
246 3# - VARYING FORM OF TITLE
Title proper/short title Rowman and Littlefield guide to writing with sources
246 3# - VARYING FORM OF TITLE
Title proper/short title Guide to writing with sources
504 ## - BIBLIOGRAPHY, ETC. NOTE
Bibliography, etc Includes bibliographical references (p. 65-66).
906 ## - LOCAL DATA ELEMENT F, LDF (RLIN)
a 7
b cbc
c orignew
d 1
e ecip
f 20
g y-gencatlg
942 ## - ADDED ENTRY ELEMENTS (KOHA)
Source of classification or shelving scheme
Item type Books
Holdings
Withdrawn status Lost status Source of classification or shelving scheme Damaged status Not for loan Collection code Permanent location Current location Shelving location Date acquired Total Checkouts Full call number Barcode Date last seen Price effective from Koha item type
          Koleksioni i përgjithshem UBT - Lipjan UBT - Lipjan Koleksioni i përgjithshem 01/19/2018   808..0042072 DAV 002-2995988 01/19/2018 01/19/2018 Books
UBT Library © 2015-2024. All rights reserved University Education for Business and Technology